Observatorio de recursos humanos en salud en Costa Rica: avances y perspectivas /

Se presenta diversos datos básicos del país relacionados con los recursos Humanos en Salud, además los diferentes elementos que han demostrado el cumplimiento de la agenda de trabajo planteada desde la reunión realizada en Santiago de Chile en 1999

Salvato in:
Dettagli Bibliografici
Autore principale: Barahona Herrera, Rodrigo A.
Enti autori: Costa Rica. Ministerio de Salud, Caja Costarricense de Seguro Social. Gerencia de Modernización OPS. Programa de Desarrollo de Recursos Humanos
Altri autori: ed. Molina, Ana ed. Rosales E., Carlos ed
Natura: testo
Pubblicazione: San José: MSP. CCSS. OPS
Soggetti:
Tags: Aggiungi Tag
Nessun Tag, puoi essere il primo ad aggiungerne!!

MARC

LEADER 00000 a a2200000 04500
001 22094
003
040
090 |a 146900  
100 |a Barahona Herrera, Rodrigo A.  
110 |a Costa Rica. Ministerio de Salud  
245 |a Observatorio de recursos humanos en salud en Costa Rica: avances y perspectivas /  |c Costa Rica. Ministerio de Salud  
260 |a San José:   |b MSP. CCSS. OPS  
300 |a vi, 158 p.   |b **no definido**   |b fonodiscos  
520 |a Se presenta diversos datos básicos del país relacionados con los recursos Humanos en Salud, además los diferentes elementos que han demostrado el cumplimiento de la agenda de trabajo planteada desde la reunión realizada en Santiago de Chile en 1999  
650 |a SALUD  
650 |a CONFERENCIAS  
650 |a REUNIONES  
650 |a RECURSOS HUMANOS  
650 |a ADMINISTRACION DE PERSONAL  
700 |a ed.   |a Molina, Ana   |a ed.   |a Rosales E., Carlos   |a ed.  
710 |a Caja Costarricense de Seguro Social. Gerencia de Modernización   |a OPS. Programa de Desarrollo de Recursos Humanos  
999 |c 6104  |d 6104